Culture générale- numéro 17 - Statistiques

Statistiques générales
  • Ce quiz a été pris 185 fois
  • Le résultat moyen est 9 sur 15
Statistiques - réponses
Question Réponse % Correct
Quel est le nom du système de vélos en libre service à Paris? Velib'
76%
où se déroulera la coupe du monde de football 2026? Amérique du Nord
74%
De qui Platon était-il l'élève? Socrate
74%
Qu'a brûlé Serge Gainsbourg en direct à la télévision? Billet de 500 francs
71%
Quel luxueuse marque automobile française a produit les modèles Chiron et Veyron? Bugatti
63%
Comment se nomme la conjointe de Simba dans le Roi Lion? Nala
61%
Comment se nomme la galette mexicaine conçue à base de maïs? Tortilla
57%
Quelle pierre précieuse sert de monnaie dans Minecraft? Émeraude
56%
Comment se nomme aujourd'hui le Swaziland? Eswatini
56%
Quel domaine d'étude s'intéresse à l'espèce humaine Anthropologie
54%
Dans quel film Will Smith doit il survivre à des zombies? Je suis une légende
45%
Quel unique pays est frontalier du Timor Oriental? Indonésie
44%
Quelle île australienne est un état à part entière? Tasmanie
44%
À quelle classe médicamenteuse appartiennent le paracétamol et le tramadol? Antalgique
41%
Quel est le nom d'artiste d'Aurélien Cotentin? Orelsan
40%
Aucun quiz correspondant
Distribution des résultats
% des personnes avec chaque résultat
Percentile par nombre de réponses
Votre historique - résultats
Vous n’avez pas pris ce quiz